000 00965nam a22002297a 4500
005 20250327125740.0
008 250327b |||||||| |||| 00| 0 eng d
020 _a978-93-88799-54-6 (hbk )
037 _cTB
040 _aCRL
_cCRL
041 _2hin
_ahin
084 _aO152,2N53,JT R0
_qCRL
100 _aमिश्र, अविनाशचन्द्र
245 _aजानत तुलसीदास
260 _aगाज़ियाबाद, भारत:
_bआंतिका प्रकाशन,
_c2020
300 _a64पृ0
365 _b200.00
_cINR
650 _aहिन्दी नाटक
650 _aहिन्दी साहित्य
942 _2CC
_cTB
_hO152,2N53,JT R0
_n0
999 _c1308236
_d1308236